000 01548cam a22004574i 4500
003 PE-LiUPU
005 20250731173019.0
008 150623s r 000 0 d
020 _a0830817654
035 _a(Sirsi) i9780830817658
040 _aPE-LiUPU
_bspa
_cPE-LiUPU
_erda
049 _aPRUA
082 0 4 _a220.6
_bB16
_221
100 1 _aBaker, David L.,
_eautor.
245 1 0 _aTwo testaments, one Bible: a study of the theological relationship between the Old and New Testaments /
_cDavid L. Baker.
264 1 _aDowners Grove, Illinois :
_bInterVarsity Press,
_c1992.
300 _a302 páginas ;
_c23 centímetros
336 _atext
_2rdacontent
337 _aunmediated
_2rdamedia
338 _avolume
_2rdacarrier
504 _aIncluye bibliografía.
505 0 _aThe problem. -Four modern solutions. -Three key themes. -Conclusion.
526 _aSEG42
526 _aSEG41
526 _aSEG40
526 _aSEG39
526 _aP94
526 _aP87
526 _aP86
526 _aP85
526 _aP77
526 _aP76
526 _aP35
630 _aBiblia.
_pN.T.
_xRelación con el A.T.
942 _2ddc
_cBOOK
949 _a220.6 B16
_wDEWEY
_c1
_i47393
_lCCODEBUL1
_mBUL
_r0
_sY
_tBOOK
_u2015-6-24
_xTEOLOGIA
_PP35
_0COMPRA
_o.STAFF. Colección General
994 _aC0
_bPEPRU
596 _a1
999 _a220.6 B16
_wDEWEY
_c23948
_i47393
_f2021-11-9
_g5
_lCCODEBUL1
_mBUL
_r0
_sY
_tBOOK
_u2015-6-24
_xTEOLOGIA
_PP35
_0COMPRA
_o.STAFF. Colección General
_d23948
980 _81
_gALBERTO SANCHEZ Responsable de Automatización